Central Library OPAC University of Rajshahi

The death of capital : (Record no. 13474)

MARC details
000 -LEADER
fixed length control field 01333cam a2200313 a 4500
001 - CONTROL NUMBER
control field 13474
003 - CONTROL NUMBER IDENTIFIER
rucl marc code BD-RjUL
005 - DATE AND TIME OF LATEST TRANSACTION
control field 20211208235447.0
008 - FIXED-LENGTH DATA ELEMENTS--GENERAL INFORMATION
fixed length control field 140201s2010 njua b 001 0 eng
020 ## - INTERNATIONAL STANDARD BOOK NUMBER
International Standard Book Number 9780470466506 (cloth)
International Standard Book Number 0470466502 (cloth)
035 ## - SYSTEM CONTROL NUMBER
System control number (BD-RjUL)13525
-- (OCoLC)ocn460062021
040 ## - CATALOGING SOURCE
Original cataloging agency DLC
Transcribing agency DLC
Modifying agency BTCTA
-- YDXCP
-- C#P
-- CDX
-- BWX
-- VP@
-- UKM
-- LML
-- DLC
-- BD-RjUL
Language of cataloging eng
041 ## - LANGUAGE CODE
Language code of text/sound track or separate title eng
082 00 - DEWEY DECIMAL CLASSIFICATION NUMBER
Classification number 332.041
Edition number 22
Author mark and year LED 2010
100 1# - MAIN ENTRY--PERSONAL NAME
Personal name Lewitt, Michael E.
9 (RLIN) 42023
245 14 - TITLE STATEMENT
Title The death of capital :
Remainder of title How creative policy can restore stability /
Statement of responsibility, etc. Michael E. Lewitt.
260 ## - PUBLICATION, DISTRIBUTION, ETC. (IMPRINT)
Place of publication, distribution, etc. Hoboken, N.J. :
Name of publisher, distributor, etc. John Wiley & Sons,
Date of publication, distribution, etc. c2010.
300 ## - PHYSICAL DESCRIPTION
Pagination ix, 292 p. :
Illustrations ill. ;
Size 24 cm.
504 ## - BIBLIOGRAPHY, ETC. NOTE
Bibliography, etc Includes bibliographical references (p. 279-286) and index.
505 0# - FORMATTED CONTENTS NOTE
Formatted contents note Introduction: the 2008 crisis : tragedy or farce? -- The death of capital -- Capital ideas -- Empty promises -- Financialization -- From innovators to undertakers -- Welcome to Jurassic Park -- The road to hell -- Finance after Armageddon -- Conclusion: "This is later."
650 #0 - SUBJECT ADDED ENTRY--TOPICAL TERM
Topical term or geographic name as entry element Capital.
9 (RLIN) 42024
Topical term or geographic name as entry element Capitalism
Geographic subdivision United States.
9 (RLIN) 8645
Topical term or geographic name as entry element Finance
Geographic subdivision United States.
9 (RLIN) 42025
Topical term or geographic name as entry element Global Financial Crisis, 2008-2009.
9 (RLIN) 42026
942 ## - ADDED ENTRY ELEMENTS (KOHA)
Source of classification or shelving scheme Dewey Decimal Classification
Koha item type Books
Holdings
Lost status Source of classification or shelving scheme Damaged status Not for loan Collection code Permanent Location Current Location Shelving location Date acquired Source of acquisition Cost, normal purchase price Total Checkouts Full call number Date last seen Copy number Koha item type Date checked out
  Dewey Decimal Classification   Not For Loan Non-fiction Central Library, University of Rajshahi Central Library, University of Rajshahi Reading Room 03/10/2013 Asia foundation 27.95   332.041 LED 2010 01/02/2014 C-1 Books  
  Dewey Decimal Classification     Non-fiction Central Library, University of Rajshahi Central Library, University of Rajshahi Reading Room 03/10/2013 Asia foundation 27.95 1 332.041 LED 2010 21/08/2017 C-2 Books 07/08/2017